000 00294nam a2200121Ia 4500
008 240731s9999 xx 000 0 und d
022 _a2040-3534
245 0 _aTransnational Cinemas
260 _bRoutledge
856 _uhttps://www.tandfonline.com/loi/rtrc20
942 _2ddc
942 _cTFEJ
999 _c80189
_d80189
945 _a1
_bMadushi Gamage
_c1
_dMadushi Gamage